Los mejores cuentos de nuestra vida / (Registro nro. 14754)

Detalles MARC
000 -LIDER
fixed length control field 00710nam a22002297a 4500
001 - NÚMERO DE CONTROL
Identificador de número de control 00260
003 - IDENTIFICACDOR DE NÚMERO DE CONTROL
control field DO-SdBNP
005 - DATE AND TIME OF LATEST TRANSACTION
control field 20240724135502.0
008 - ELEMENTOS DE LONGITUD FIJA
fixed length control field 151126b2001 sp | |||| 00| 0 spa d
020 ## - ISBN
International Standard Book Number 846670079X
040 ## - FUENTE DE CATALOGACIÓN
Agencia que crea de manera original el registro BPMSU
Idioma de catalogación spa
Agencia que realiza la transcripción BPMSU
082 #4 - NÚMERO DE CLASIFICACIÓN DECIMAL DE DEWEY
Classification number 808.83
Item number M516c 2001
Edition number 22
245 00 - MENCIÓN DE TITULO
Título Los mejores cuentos de nuestra vida /
Mención de responsabilidad ilustraciones Enrique Flores
260 ## - PUBLICACIÓN, DISTRIBUCIÓN, ETC. (PIE DE IMPRENTA)
Lugar de publicación, distribución, etc Barcelona :
Nombre del editor, distribuidor, etc. Grupo Anaya,
Fecha de publicación, distribución, etc 2001
300 ## - DESCRIPCIÓN FÍSICA
Extensión 352 p. ;
Dimensiones 26 cm.
590 ## - NOTA LOCAL
Enlace Inventariado, 2022/VM
Texto de la nota local Inventariado, 2024/VM
650 #4 - ENCABEZAMIENTO DE MATERIA--TEMÁTICO
Término temático o nombre geográfico como elemento de entrada Cuentos
Subdivisión de forma Colecciones
650 #4 - ENCABEZAMIENTO DE MATERIA--TEMÁTICO
Subdivisión de forma Colecciones
Término temático o nombre geográfico como elemento de entrada Cuentos infantiles
700 1# - ASIENTO SECUNDARIO -- NOMBRE PERSONAL
Materiales especificados Flores, Enrique
Mención de responsabilidad ilustraciones
910 ## - VALIDACIÓN
Validación VMateo V. Control de calidad. BPMSU
942 ## - ADDED ENTRY ELEMENTS (KOHA)
Source of classification or shelving scheme Dewey Decimal Classification
Koha item type Libros
Existencias
Withdrawn status Lost status Source of classification or shelving scheme Damaged status Not for loan Collection code Home library Current library Date acquired Total Checkouts Full call number Barcode Date last seen Price effective from Koha item type
    Dewey Decimal Classification     Colección Infantil General Biblioteca Pública Metropolitana Salomé Ureña Biblioteca Pública Metropolitana Salomé Ureña 07/24/2024   BPMSU CGI 808.83 M516c 2001 BPMSU24070111 07/24/2024 07/24/2024 Libros